<?xml version="1.0" encoding="UTF-8"?>
<record
    xmlns:xsi="http://www.w3.org/2001/XMLSchema-instance"
    xsi:schemaLocation="http://www.loc.gov/MARC21/slim http://www.loc.gov/standards/marcxml/schema/MARC21slim.xsd"
    xmlns="http://www.loc.gov/MARC21/slim">

  <leader>00887ncm a2200229 i 4500</leader>
  <controlfield tag="001">184660</controlfield>
  <controlfield tag="003">ES-MaACL</controlfield>
  <controlfield tag="005">20251118191453.0</controlfield>
  <controlfield tag="007">qu</controlfield>
  <controlfield tag="008">151102s1967    sp |||   |||||||| | spa d</controlfield>
  <datafield tag="245" ind1="0" ind2="0">
    <subfield code="a">Colecci&#xF3;n de jotas navarras [</subfield>
    <subfield code="h">M&#xFA;sica impresa] /</subfield>
    <subfield code="c">adaptaci&#xF3;n y composici&#xF3;n musical, Jos&#xE9; Men&#xE9;ndez de Esteban ; recopilaci&#xF3;n de letras, Pedro M&#xAA; Flamarique ; pr&#xF3;logo, Jaime del Burgo.</subfield>
  </datafield>
  <datafield tag="260" ind1=" " ind2=" ">
    <subfield code="a">Pamplona : </subfield>
    <subfield code="b">Diputaci&#xF3;n Foral de Navarra, </subfield>
    <subfield code="c">1967.</subfield>
  </datafield>
  <datafield tag="300" ind1=" " ind2=" ">
    <subfield code="a">119 p. ; </subfield>
    <subfield code="c">31 cm.</subfield>
  </datafield>
  <datafield tag="650" ind1=" " ind2="4">
    <subfield code="a">Jotas navarras.</subfield>
    <subfield code="9">158064</subfield>
  </datafield>
  <datafield tag="700" ind1="1" ind2=" ">
    <subfield code="a">Men&#xE9;ndez de Esteban, Jos&#xE9;, </subfield>
    <subfield code="d">1910-1988</subfield>
    <subfield code="9">158065</subfield>
  </datafield>
  <datafield tag="700" ind1="1" ind2=" ">
    <subfield code="a">Burgo, Jaime del, </subfield>
    <subfield code="d">1912-2005</subfield>
    <subfield code="9">32641</subfield>
  </datafield>
  <datafield tag="700" ind1="1" ind2=" ">
    <subfield code="a">Flamarique, Pedro Mar&#xED;a (</subfield>
    <subfield code="d">1931-)</subfield>
    <subfield code="9">158066</subfield>
  </datafield>
  <datafield tag="710" ind1="1" ind2=" ">
    <subfield code="a">Navarra (Comunidad Aut&#xF3;noma). </subfield>
    <subfield code="b">Diputaci&#xF3;n Foral.</subfield>
    <subfield code="9">5984</subfield>
  </datafield>
  <datafield tag="852" ind1=" " ind2=" ">
    <subfield code="a">ES-MaACL</subfield>
    <subfield code="j">C-33380</subfield>
  </datafield>
  <datafield tag="942" ind1=" " ind2=" ">
    <subfield code="2">udc</subfield>
  </datafield>
  <datafield tag="999" ind1=" " ind2=" ">
    <subfield code="c">184660</subfield>
    <subfield code="d">184660</subfield>
  </datafield>
  <datafield tag="952" ind1=" " ind2=" ">
    <subfield code="0">0</subfield>
    <subfield code="1">0</subfield>
    <subfield code="2">udc</subfield>
    <subfield code="4">0</subfield>
    <subfield code="7">0</subfield>
    <subfield code="8">Musica_impresa</subfield>
    <subfield code="a">ATENEOM</subfield>
    <subfield code="b">ATENEOM</subfield>
    <subfield code="c">DEPO2</subfield>
    <subfield code="d">2015-11-02</subfield>
    <subfield code="l">0</subfield>
    <subfield code="o">C-33380</subfield>
    <subfield code="p">1194422</subfield>
    <subfield code="r">2023-02-23 00:00:00</subfield>
    <subfield code="w">2023-02-23</subfield>
    <subfield code="y">MONOGRAFIA</subfield>
  </datafield>
</record>
